| 000 | 00948cam a2200241 i 4500 | ||
|---|---|---|---|
| 003 | SA-RiAUC | ||
| 005 | 20250210071101.0 | ||
| 008 | 250204s2002 le g f000 0 ara c | ||
| 040 |
_aSA-MuMU _bara _cSA-RiAUC _erda |
||
| 043 | _aff----- | ||
| 082 | 0 | 4 | _a240 |
| 090 | _bف ي ت | ||
| 100 | 1 |
_aالفيتوري، جمعة مصطفى _eمؤلف. |
|
| 245 | 1 | 2 |
_aالنشاط العقدي بالغرب الإسلامي خلال القرنين العاشر والحادي عشر الهجري / _cتأليف جمعة مصطفى الفيتوري. |
| 264 | 1 |
_aبيروت : _bدار الكتب الوطنية، _c2002 |
|
| 300 | _a222 صفحة | ||
| 336 |
_aنص _btxt _2rdacontent _3كتاب |
||
| 337 |
_aبدون وسيط _bn _2rdamedia |
||
| 338 |
_aمجلد _bnc _2rdacarrier |
||
| 650 | 7 |
_aعلم الكلام _zالمغرب العربي _xتاريخ _yقرون 16-17 _2aucsh |
|
| 942 |
_2ddc _cBOOK _n0 |
||
| 949 |
_aSA-JeALM _d250204 _umohamedma123 _n1 |
||
| 999 |
_c5771 _d5771 |
||